The essential guide to doing your research project (Record no. 62801)
[ view plain ]
| 000 -LEADER | |
|---|---|
| fixed length control field | 00624nam a2200205 a 4500 |
| 003 - CONTROL NUMBER IDENTIFIER | |
| control field | CBULib |
| 005 - DATE AND TIME OF LATEST TRANSACTION | |
| control field | 20241106090924.0 |
| 008 - FIXED-LENGTH DATA ELEMENTS--GENERAL INFORMATION | |
| fixed length control field | 241106b |||||||| |||| 00| 0 eng d |
| 040 ## - CATALOGING SOURCE | |
| Original cataloging agency | CBULib |
| Language of cataloging | English |
| Transcribing agency | CBULib |
| Description conventions | rda |
| 050 ## - LIBRARY OF CONGRESS CALL NUMBER | |
| Classification number | Q 180.55 .M4 Ole |
| 100 ## - MAIN ENTRY--PERSONAL NAME | |
| 9 (RLIN) | 4013 |
| Personal name | O'Leary, Zina |
| 245 ## - TITLE STATEMENT | |
| Title | The essential guide to doing your research project |
| Statement of responsibility, etc | / by Zina O'Leary |
| 260 ## - PUBLICATION, DISTRIBUTION, ETC. (IMPRINT) | |
| Place of publication, distribution, etc | Los Angeles : |
| Name of publisher, distributor, etc | Sage, |
| Date of publication, distribution, etc | 2011 |
| 300 ## - PHYSICAL DESCRIPTION | |
| Extent | X, 308 pages : illustrations |
| 336 ## - CONTENT TYPE | |
| Source | rdacontent |
| Content type term | Text | |
| Content type code | txt |
| 337 ## - MEDIA TYPE | |
| Source | rdamedia |
| Media type term | Unmediated | |
| Media type code | n |
| 338 ## - CARRIER TYPE | |
| Source | rdacarrier |
| Carrier type term | Volume |
| Carrier type code | nc |
| 650 #0 - SUBJECT ADDED ENTRY--TOPICAL TERM | |
| 9 (RLIN) | 2879 |
| Topical term or geographic name as entry element | RESEARCH |
| 942 ## - ADDED ENTRY ELEMENTS (KOHA) | |
| Source of classification or shelving scheme | |
| Koha item type | MONOGRAPH |
| Withdrawn status | Lost status | Source of classification or shelving scheme | Damaged status | Not for loan | Permanent Location | Current Location | Date acquired | Full call number | Barcode | Date last seen | Price effective from | Koha item type | Shelving location | Total Checkouts | Collection code | Source of acquisition | Copy number |
|---|---|---|---|---|---|---|---|---|---|---|---|---|---|---|---|---|---|
| Withdrawn | CBU-MAIN LIBRARY, KITWE. | CBU-MAIN LIBRARY, KITWE. | 12/16/2022 | Q 180.55.M4 Ole | 745452 | 12/16/2022 | 12/16/2022 | MONOGRAPH | |||||||||
| CBU-MAIN LIBRARY, KITWE. | CBU-MAIN LIBRARY, KITWE. | 12/16/2022 | Q 180.55.M4 Ole | 745073 | 12/16/2022 | 12/16/2022 | MONOGRAPH | ||||||||||
| CBU-MAIN LIBRARY, KITWE. | CBU-MAIN LIBRARY, KITWE. | 12/16/2022 | Q 180.55.M4 Ole | 745453 | 12/16/2022 | 12/16/2022 | MONOGRAPH | ||||||||||
| CBU-MAIN LIBRARY, KITWE. | CBU-MAIN LIBRARY, KITWE. | 12/16/2022 | Q 180.55.M4 Ole | 745069 | 12/16/2022 | 12/16/2022 | MONOGRAPH | ||||||||||
| CBU-MAIN LIBRARY, KITWE. | CBU-MAIN LIBRARY, KITWE. | 12/16/2022 | Q 180.55.M4 Ole | 745070 | 12/16/2022 | 12/16/2022 | MONOGRAPH | ||||||||||
| CBU-MAIN LIBRARY, KITWE. | CBU-MAIN LIBRARY, KITWE. | 12/16/2022 | Q 180.55.M4 Ole | 745455 | 12/16/2022 | 12/16/2022 | MONOGRAPH | ||||||||||
| CBU-MAIN LIBRARY, KITWE. | CBU-MAIN LIBRARY, KITWE. | 12/16/2022 | Q 180.55.M4 Ole | 746761 | 12/16/2022 | 12/16/2022 | MONOGRAPH | ||||||||||
| CBU- LUSAKA CAMPUS | CBU-MAIN LIBRARY, KITWE. | 09/24/2024 | Q 180.55.M4 Ole | 752819 | 09/24/2024 | 09/24/2024 | MONOGRAPH | General Stacks | CBU-Lusaka Campus | DON-BOOKAID | 8 | ||||||
| CBU- LUSAKA CAMPUS | CBU-MAIN LIBRARY, KITWE. | 09/24/2024 | Q 180.55.M4 Ole | 752818 | 09/24/2024 | 09/24/2024 | MONOGRAPH | General Stacks | CBU-Lusaka Campus | DON-BOOKAID | 9 | ||||||
| CBU- LUSAKA CAMPUS | CBU-MAIN LIBRARY, KITWE. | 10/31/2024 | Q 180.55.M4 Ole | 752805 | 10/31/2024 | 10/31/2024 | MONOGRAPH | General Stacks | CBU-Lusaka Campus | BOOK AID INTERNATIONAL |